Bokhelen (Bokkelen), Lambert van
| Titel: | Bokhelen (Bokkelen), Lambert van |
|---|---|
| Verfasser: | |
| In: |
Saur Allgemeines Künstlerlexikon ; 12. Bobrov - Bordac̆ev, (1996), Seite 351-352 alle Artikel anzeigen |
| Veröffentlicht: | 1996 |
| Format: | Aufsatz |
| Sprache: | Deutsch |
X
alg: 39150829 001A $01999:11-11-16 001B $01999:15-05-21 $t20:55:06.000 001D $01999:11-11-16 001U $0utf8 001X $00 002@ $0Aox 003@ $0391508296 007A $0391508296 $aHEB 007T $0Herd07627 010@ $ager 011@ $a1996 021A $aBokhelen (Bokkelen), Lambert van 028A $7133568709 $8Indra, Bohumír$Z1912-2003 [Tp3] $9191714925 031A $h351-352 $j1996 039B $aIn $8--Afu--. Saur Allgemeines Künstlerlexikon ; 12. Bobrov - Bordac̆ev. - München : Saur, 1996. - XIV, 680 Seiten. - ISBN 3-598-22752-3 $x199600000000000649 $9045721734 045F $a929.094371 $eDDC23BSB 045F/01 $a929 045F/03 $g4371 lok: 39150829 78 exp: 39150829 78 1 #EPN 201B/01 $026-11-17 $t00:39:45.000 201U/01 $0utf8 203@/01 $0787602442 208@/01 $a11-11-16 $be 209A/01 $a/ $f000 $x00 220C/01 $aTitelaufnehmer: jk 244Z/01 $#Tschechien $#Tschechische Republik $#Tschechische Republik $#Tschechenland $#Tschechei Tschechien $#Česká Republika $#Czech Republic $#ČR $74303381-7 $8--Tg1--Tschechien $x01 $9086659812 244Z/01 $2Trx $#Böhmen $#Bohemia $#Czechy $8--Trx--Čechy $x02 $9391188941 244Z/01 $2Trx $#Mährisch Weißkirchen Prerau $#Weißkirchen Prerau $#Hranice Přerov $8--Trx--Hranice na Moravě$gPřerov $x03 $9391330136 244Z/01 $aGeschichte 1809-1877 $x04 244Z/01 $2Trx $#Bokkelen, Lambert van $8--Trx--Bokhelen, Lambert van $x05 $9390717142 244Z/01 $2Trx $#maalrid $#dailininkai $#painters artists $#festö $#malarze artyści $#maliari $#malíři $8--Trx--Maler$gKünstler $x06 $9391383302 244Z/01 $2Trx $8--Trx--Einzelbeiträge $x07 $9391384570 245Z/01 $a12.03 $x01 247C/01 $82080>Marburg/Lahn, Herder-Institut, Forschungsbibliothek, Bibliographieportal $9336309341
| LEADER | 00000caa a22000002c 4500 | ||
|---|---|---|---|
| 001 | 391508296 | ||
| 003 | DE-603 | ||
| 005 | 20210515205506.0 | ||
| 007 | tu | ||
| 008 | 161111s1996 xx |||| | u00||u|ger c | ||
| 035 | |a (DE-599)HEB391508296 | ||
| 040 | |a DE-603 |b ger |c DE-603 |d DE-603 | ||
| 041 | |a ger | ||
| 082 | 0 | 4 | |8 1\u |a 929.094371 |q DE-101 |2 23/BSB |
| 085 | |8 1\u |b 929 | ||
| 085 | |8 1\u |z 2 |s 4371 | ||
| 100 | 1 | |a Indra, Bohumír |d 1912-2003 |0 (DE-603)191714925 |0 (DE-588)133568709 |2 gnd | |
| 245 | 0 | 0 | |a Bokhelen (Bokkelen), Lambert van |
| 264 | 0 | |c 1996 | |
| 773 | 0 | 8 | |i In |t Saur Allgemeines Künstlerlexikon ; 12. Bobrov - Bordac̆ev |d München : Saur, 1996 |h XIV, 680 Seiten |z 3598227523 |g (1996), Seite 351-352 |w (DE-603)045721734 |
| 924 | 0 | |9 2080 |a (DE-603)787602442 |b DE-2080 |c HES |d d |g / | |


